000
00293nam a22001337a 4500
008
170315b xxu||||| |||| 00| 0 eng d
020
_a
0632021837
041
_a
eng
080
_2
3ed
_a
591
100
_a
7
101
_a
SHM
245
_a
ESSENTIAL REPRODUCTION
_c
JOHNSON.M.H
942
_2
udc
_c
BK
999
_c
7790
_d
7790